Matemática hoy 8: libro guía para el profesor

Saved in:
Bibliografiske detaljer
Main Authors: Cofré Jorquera, Alicia (Author), Tapia Araya, Lucila (Author)
Format: Bog
Sprog:spansk
Udgivet: Santiago Santillana del Pacífico 1992
Fag:
Tags: Tilføj Tag
Ingen Tags, Vær først til at tagge denne postø!

MARC

LEADER 00000nam a2200000 a 4500
001 UCZ0474
003 CL-VaPUC
008 950728e19920000CL |||||||||||||||||spa|d
082 0 4 |a 372.7  |b COF  |2 21 
100 0 |a Cofré Jorquera, Alicia  |e author  |9 343351 
700 0 |a Tapia Araya, Lucila  |e author  |9 343352 
245 1 0 |a Matemática hoy 8: libro guía para el profesor 
300 |a 51 p 
942 |c BK 
945 |d 19950728 00:00:00  |a mfernand 
260 |a Santiago  |b Santillana del Pacífico  |c 1992 
650 0 |a Matemática  |9 260235 
650 0 |a Matemáticas  |x Enseñanza  |9 875527 
650 0 |a Libros de texto  |9 270019 
583 |a last modification  |c 19950728 00:00:00  |k Rodrigo Vera 
999 |c 237401  |d 237399 
952 |0 0  |1 0  |4 0  |6 372_700000000000000_COF_1992  |7 0  |8 P  |9 246431  |a BIBEDU  |b BIBEDU  |c BIBEDU_PB  |d 2019-11-18  |i 1549170  |o 372.7 COF 1992  |p 1549170  |r 2024-01-25  |w 2019-11-18  |y BK  |k EDU